Etude de satisfaction clientele: cas du groupe PSA Peugeot-Citroen diplomová práca

Enregistré dans:
Détails bibliographiques
Auteur principal: Zendulka, Lukáš, 1989-
Collectivité auteur: Ekonomická univerzita v Bratislave. Ústav medzinárodných programov
Autres auteurs: Kita, Jaroslav
Format: Livre
Langue:français
Publié: Bratislava 2013
Tags: Ajouter un tag
Pas de tags, Soyez le premier à ajouter un tag!

MARC

LEADER 00000nbm a2200000 4500
001 0176009
005 20170314110724.2
041 0 |a fre 
044 |a SK 
245 1 0 |a Etude de satisfaction clientele: cas du groupe PSA Peugeot-Citroen  |b diplomová práca  |c Lukáš Zendulka ; školiteľ: Jaroslav Kita 
264 1 |a Bratislava  |c 2013 
300 |a 108 s. 
100 1 |a Zendulka, Lukáš, 1989- 
700 1 |a Kita, Jaroslav 
710 2 |a Ekonomická univerzita v Bratislave. Ústav medzinárodných programov